| 000 | 00792ngm a2200193 a 4500 | ||
|---|---|---|---|
| 005 | 20230209063836.0 | ||
| 008 | 991125s1970 mx 015 aaspa u | ||
| 035 | _aUPN01000005914 | ||
| 049 | _aAV | ||
| 050 | 4 | _aPVI H 0008 | |
| 245 | 0 | 0 | _aBolero. |
| 260 |
_aMéxico : _bPelículas Mel, _c[197?]. |
||
| 300 |
_a1 videocasete (VHS) (15 min.) : _bson., col. |
||
| 520 | _aMuestra cómo el "Bolero" de Ravel se ejecuta con perfección, gracias al sentido de conjunto y colaboración de cada uno de sus miembros. Muestra cómo el director integra el equipo y lo dirige logrando una excelente interpretación musical | ||
| 500 | _aNúmero que le corresponde en el catálogo de películas Mel: 064 | ||
| 650 | 4 |
_aDIRECCION (MUSICA) _913917 |
|
| 650 | 4 |
_aLiderazgo _95345 |
|
| 905 | _aAudiovisuales | ||
| 999 |
_c5914 _d5914 |
||